La poesía de Ángel Crespo (Record no. 189185)

MARC details
000 -LEADER
campo de control de longitud fija 00887nam a2200241 i 4500
001 - NÚMERO DE CONTROL
campo de control 189185
003 - IDENTIFICADOR DE NÚMERO DE CONTROL
campo de control SpMaBN
005 - FECHA Y HORA DE LA ÚLTIMA TRANSACCIÓN
campo de control 20260203063035.0
008 - DATOS DE LONGITUD FIJA--INFORMACIÓN GENERAL
campo de control de longitud fija 190423s2004 sp |||| |dspa d
020 ## - NÚMERO INTERNACIONAL ESTÁNDAR DEL LIBRO
Número Internacional Estándar del Libro 84-8191-628-5
080 ## - NÚMERO DE LA CLASIFICACIÓN DECIMAL UNIVERSAL
Número de la Clasificación Decimal Universal 821.134.2 Crespo, Ángel 1.07
100 1# - ENTRADA PRINCIPAL--NOMBRE DE PERSONA
Nombre de persona Ardanuy, Jordi,
Fechas asociadas al nombre 1962-
9 (RLIN) 166861
245 13 - MENCIÓN DEL TÍTULO
Título La poesía de Ángel Crespo
Resto del título : (límite, símbolo y trascendencia) /
Mención de responsabilidad, etc. Jordi Ardanuy.
260 ## - PUBLICACIÓN, DISTRIBUCIÓN, ETC.
Lugar de publicación, distribución, etc. Valencia :
Nombre del editor, distribuidor, etc. Pre-Textos,
Fecha de publicación, distribución, etc. [2004]
300 ## - DESCRIPCIÓN FÍSICA
Extensión 353 p. ;
Dimensiones 25 cm.
500 ## - NOTA GENERAL
Nota general Cronología.
504 ## - NOTA DE BIBLIOGRAFÍA, ETC.
Nota de bibliografía, etc. Bibliografía: p. 303-343.
586 ## - NOTA DE PREMIOS
Nota de premios IV Premio Internacional "Gerardo Diego" de Investigación Literaria 2004
600 17 - PUNTO DE ACCESO ADICIONAL DE MATERIA--NOMBRE DE PERSONA
Nombre de persona Crespo, Ángel,
Fechas asociadas al nombre 1926-1995-
Subdivisión general Crítica e interpretación
Fuente del encabezamiento o término
9 (RLIN) 166862
852 ## - LOCALIZACIÓN
Ubicación ES-MaACL
Número de control de estantería A-14474
itemnumber 196323
Sublocalización o colección R.151907
Ubicación en estantería Depósito 1
Signatura antigua Olim: N-7474
Donativo/Legado Donación: Editorial
942 ## - ELEMENTOS DE ENTRADA SECUNDARIOS (KOHA)
Fuente del sistema de clasificación o colocación Clasificación decimal universal
Holdings
Estatus retirado Estado de pérdida Fuente del sistema de clasificación o colocación Estado de daño No para préstamo Biblioteca de origen Biblioteca actual Ubicación en estantería Fecha de adquisición Fuente de adquisición Total de préstamos Signatura topográfica completa Código de barras Visto por última vez Precio de reemplazo Tipo de ítem Koha
    Clasificación decimal universal     Biblioteca del Ateneo de Madrid Biblioteca del Ateneo de Madrid Depósito 1 23/04/2019 Donación   A-14474 1200379 23/02/2023 23/02/2023 Libro impreso